000 00553nam a2200217Ia 4500
003 0100
008 130303s9999 xx 000 0 und d
020 _a815775946
040 _cARRUPELIB
050 _aDT352.8.R68 1997
100 _aRothchild, Donald S
245 _aManaging ethnic conflict in Africa
245 _bpressures and incentives for cooperation
260 _aWashington
260 _bBrookings Institution Press
260 _C1997
300 _axiii
300 _b 343p. 24cm.
700 _aDonald S. Rothchild
942 0 0 _07
999 _c10426
_d10426